00391nam a2200145Ia 4500008004100000020001500041041001200056082001100068100002000079245006600099260003900165300001000204650001500214700001600229221030s9999 xx 000 0 und d a8120003500 aEnglish a105.23 aV. P. Vasandani 0aTreatise on Heat Engineeringcby V. P. Vasandani, D. S. Kumar bMetropolitan Pub.aNew Delhic2010 a19.24 aMechanical aD. S. Kumar